| 000 | 00421nam a2200145Ia 4500 | ||
|---|---|---|---|
| 008 | 230917s9999||||xx |||||||||||||| ||und|| | ||
| 040 |
_e48519 _aMAIN |
||
| 041 | _aEnglish | ||
| 082 | _a954.5 H275A | ||
| 100 | _aHasrat, Bikrama Jit | ||
| 245 | 0 | _aAnglo- Sikh relations 1799- 1849: reappraisal of the rise and fall of the sikhs | |
| 260 |
_aHoshiarpur _bBikrama Jit Hasrat _c1968 |
||
| 300 | _aix, 411 p. | ||
| 942 | _cBK | ||
| 999 |
_c182662 _d182662 |
||